000 00680nam a2200229 i 4500
001 bg
100 1 _aBATOGOWSKA, Anna
245 1 0 _aPodstawy ergonomii /
_cAnna Batogowska.
260 _aOlsztyn :
_bWyższa Szkoła Pedagogiczna,
_c1998.
300 _a129 s. :
_brys., wykr. ;
_c24 cm.
504 _aBibliogr. s. 62-63.
650 9 _aErgonomia
655 _aPodręczniki akademickie
020 _a8387315524
040 _cBPK
041 0 _apol
080 _a331.101.1(075.8)
920 _a83-87315-52-4
942 _cKS
008 s pl f |000 0 pol
999 _c40863
_d40863
856 _uhttp://koha.tu.koszalin.pl/cgi-bin/koha/opac-detail.pl?biblionumber=40863
_yKatalog online BPK